000 02097nam a2200457 c 4500
001 13391
003 ES-MaCES
005 20160606135651.0
008 020225s2001 sp bd t o000 | spa d
017 _aM 29162-2001
_bDL
020 _a8483201429
024 7 _a310-01-010-0
_2nipo
035 _aCES20020003193m
040 _aES-MaCES
_bspa
_cES-MaCES
041 1 _aspa
_heng
245 0 0 _aMedio ambiente en Europa
_b: segunda evaluación : informe sobre los cambios registrados en el medio ambiente a escala paneuropea, como continuación del documento "Medio ambiente en Europa : el informe Dobris (1995)", solicitado por los ministros de Medio Ambiente de toda Europa para la preparación de la Cuarta Conferencia Ministerial celebrada en Aarhus, Dinamarca, en junio de 1998
_cAgencia Europea de Medio Ambiente
260 _a[Madrid]
_bCentro de Publicaciones, Ministerio de Medio Ambiente
_c2001
300 _a293 p.
_bgráf., mapas col.
_c30 cm
500 _aTraducción de: Europe's environment : the second assessment
500 _aEn la port., además: Ministerio de Medio Ambiente, Secretaría General de Medio Ambiente, Dirección General de Calidad y Evaluación Ambiental
500 _aÍndices
541 _cCompra
650 4 _arecursos naturales
_928718
650 4 _adegradación del medio ambiente
_930722
650 4 _aprotección ambiental
_929423
650 4 _apolítica ambiental
_929422
650 4 _aEuropa
_926940
650 4 _ainforme
_928986
650 4 _930344
_aevaluación del impacto ambiental
650 4 _928715
_amedio ambiente
653 1 0 _aMedio ambiente
710 1 _aEspaña
_bMinisterio de Medio Ambiente
_eed.
_93259
710 2 _aAgencia Europea de Medio Ambiente
_91259
710 1 _aEspaña
_bDirección General de Calidad y Evaluación Ambiental
_92779
740 0 2 _aEurope's environment : the second assessment
787 0 _tMedio ambiente en Europa
_w(ES-MaCES)17465
787 0 _tMedio ambiente en Europa
_w(ES-MaCES)8432
902 _aLIB Libro
942 _2CES
_cBK
_h4.2.
999 _c13391
_d13391